LEADER 01025nam a2200253 i 4500 001 000000111634 003 CaOOAMICUS 005 20091021000000.0 008 091021s2001 it u000 u ita u 013 $a84316 040 $aSeMil$bita 100 1 $aCorti, Renato,$c.$0(OLS)http://semarc/name/16279 245 10$aPrimo, la santità /$cRenato Corti. 260 $aNovara :$b[s.n.],$c2001. 300 $a82 p. ;$c22 cm. 500 $aIn mezzo al front. : Lettera pastorale per l'anno 2001-2002. - Fondo Card. C.M. Martini. 650 4$aVescovi novaresi - Lettere pastorali.$0(OLS)http://semarc/subject/9619 650 4$aVescovi - Lettere pastorali.$0(OLS)http://semarc/subject/746 850 $aSeMil 852 $aSeMil$W1$xVenegono$y1$m2F I 93$j67455$B67455$CSeMilBibl$Z2$F87095 $81 941 1 $a4 961 $aOmaggio: Martini Card. Carlo Maria 996 $6245$aPrimo, la santità$9(OLS)http://semarc/title/162552 996 $6260$aNovara :$b[s.n.]$9(OLS)http://semarc/publisher/30468